| 000 | 01351nam a2200349 a 4500 | ||
|---|---|---|---|
| 001 | ebr10575447 | ||
| 003 | CaPaEBR | ||
| 006 | m u | ||
| 007 | cr cn||||||||| | ||
| 008 | 111116s2012 mau sb 001 0 eng d | ||
| 010 | _z 2011047200 | ||
| 020 | _z9780470657621 (cloth) | ||
| 020 | _z9781118255599 (e-book) | ||
| 040 |
_aCaPaEBR _cCaPaEBR |
||
| 035 | _a(OCoLC)785850918 | ||
| 050 | 1 | 4 |
_aPE279 _b.F73 2012eb |
| 082 | 0 | 4 |
_a429 _223 |
| 100 | 1 |
_aFrantzen, Allen J., _d1947- |
|
| 245 | 1 | 0 |
_aAnglo-Saxon keywords _h[electronic resource] / _cAllen J. Frantzen. |
| 260 |
_aMalden, Mass. : _bWiley-Blackwell, _c2012. |
||
| 300 | _axviii, 333 p. | ||
| 490 | 0 | _aKeywords in literature and culture | |
| 504 | _aIncludes bibliographical references and index. | ||
| 533 |
_aElectronic reproduction. _bPalo Alto, Calif. : _cebrary, _d2011. _nAvailable via World Wide Web. _nAccess may be limited to ebrary affiliated libraries. |
||
| 650 | 0 |
_aEnglish language _yOld English, ca. 450-1100 _vGlossaries, vocabularies, etc. |
|
| 650 | 0 |
_aEnglish language _xEtymology. |
|
| 650 | 0 | _aLinguistic change. | |
| 650 | 0 | _aHistorical linguistics. | |
| 655 | 7 |
_aElectronic books. _2local |
|
| 710 | 2 | _aebrary, Inc. | |
| 856 | 4 | 0 |
_uhttp://site.ebrary.com/lib/rucke/Doc?id=10575447 _zAn electronic book accessible through the World Wide Web; click to view |
| 999 |
_c78115 _d78115 |
||